| 000 | 00537nam a22001697a 4500 | ||
|---|---|---|---|
| 003 | NUST | ||
| 038 | _aNusrat Nadeem | ||
| 082 | _a200 | ||
| 100 |
_aHUSSAIN, MURTAZA _929822 |
||
| 245 |
_aNONLINEAR STOCHASTIC ANALYSIS OF MACHINERY HEALTH DYNAMICS/ _cMURTAZA HUSSAIN, |
||
| 264 |
_aRawalpindi; _bEME NUST; _c2018. |
||
| 300 |
_a225p; _bill; _c30,cm. |
||
| 650 |
_aPhD-Electrical Engineering _984162 |
||
| 700 |
_aSupervisor: Dr. Asif Mansoor _9124350 |
||
| 856 | _uhttp://10.250.8.41:8080/xmlui/handle/123456789/34737 | ||
| 942 |
_2ddc _cSC |
||
| 999 |
_c610234 _d610234 |
||